LEADER 02073nam a2200301 i 4500 001 000000231417 003 CaOOAMICUS 005 20210329145811.0 008 140724s1610 it u000 u lat u 013 $a210320 026 $an-ne 5130 oate col' (3) 1610 (R) 040 $aSeMil$bita 100 0 $aGuilelmus : Tyrensis,$d.$0(OLS)http://semarc/name/89603 240 10$aHistoria rerum transmarinarum.$0(OLS)http://semarc/title/330492 245 10$aHistoria della guerra sacra di Gierusalemme. Della terra di promissione, e quasi di tutta la Soria ricuperata da' Christiani: raccolta in 23. libri da Guglielmo arciuescouo di Tiro ... la qual continua ottantaquattro anni per ordine, sin' al regno di Baldoino 4. Tradotta in lingua italiana da m. Gioseppe Horologgi ... Con la tavola di tutte le cose pił impottanti [!], & piu necessarie. 260 $aIn Venetia :$bAppresso Antonio Pinelli,$c1610. 300 $a8, [16], 615, [1] p. ;$c4°. 500 $aSoria antico nome della Siria, cfr. Battaglia, Grande dizionario della lingua italiana, vol. 19., p. 493 500 $aMarca editoriale: Un pino in un prato. In una cornice figurata (O851) Sul front. 500 $aSegn.: a4 b8 A-2P8 2Q4 500 $aNum. rom. nel tit. 700 1 $aOrologi, Giuseppe .$0(OLS)http://semarc/name/79620 710 0 $aPinelli, Antonio <1. ; Editore>.$0(OLS)http://semarc/name/79621 850 $aSeMil 852 $aSeMil$W1$xVenegono$y1$m2W II 6 FA$j181763$B181763$CSeMilBibl$Z2$F192537 $8I 996 $6245$aHistoria della guerra sacra di Gierusalemme. Della terra di promissione, e quasi di tutta la Soria ricuperata da' Christiani: raccolta in 23. libri da Guglielmo arciuescouo di Tiro ... la qual continua ottantaquattro anni per ordine, sin' al regno di Baldoino 4. Tradotta in lingua italiana da m. Gioseppe Horologgi ... Con la tavola di tutte le cose pił impottanti [!], & piu necessarie$9(OLS)http://semarc/title/330491 996 $6260$aIn Venetia :$bAppresso Antonio Pinelli$9(OLS)http://semarc/publisher/53881 LEADER 00796nam a2200205 i 4500 001 000000192583 003 CaOOAMICUS 005 20100923000000.0 008 100923s1937 it u000 u ita u 013 $a171179 040 $aSeMil$bita 100 1 $aBerra, Franco <1876-1955>.$0(OLS)http://semarc/name/70085 245 10$aDon Orione e la sua opera /$cFranco Berra. 260 $aMilano :$bGasparini,$c1937. 300 $a118 p., [1] p. di ritratto ;$c20 cm. 600 14$aOrione, Luigi .$0(OLS)http://semarc/subject/1661 850 $aSeMil 852 $aSeMil$W1$xVenegono$y1$m3J I 154$j143158$B143158$CSeMilBibl$Z2$F154524 $81 996 $6245$aDon Orione e la sua opera$9(OLS)http://semarc/title/277589 996 $6260$aMilano :$bGasparini$9(OLS)http://semarc/publisher/41354